00446nam a2200145Ia 4500003000400000008004100004040001600045082001800061100002000079245009700099260004000196300001000236650002800246650002600274GCL140319s9999 xx 000 0 eng d aGCL / cGCL04a658.4063bA O1 aARGYRIS, CHRIS.10aOVERCOMING ORGANIZATIONAL DEFENSES: FACILITATING ORGANIZATIONAL LEARNING / cARGYRIS, CHRIS. a[S.N] : bALLYN AND BACON ، c1990 a169 P04aORGANIZATIONAL BEHAVIOR04aORGANIZATIONAL CHANGE